01313nam a2200361Ia 4500001001200000003000800012006001900020007001500039008004100054010001700095020003600112020003900148040002100187035002100208050002400229082001200253100002100265245008900286250001200375260004900387300001600436490002400452504005100476533015200527650002600679650001600705650000900721655002900730710001700759830003200776856012600808999001700934ebr10693765CaPaEBRm u cr cn|||||||||130315s2013 nyu sb 001 0 eng d z 2012050167 z0823251586 (cloth : alk. paper) z9780823251582 (cloth : alk. paper) aCaPaEBRcCaPaEBR a(OCoLC)84700563214aBL51b.P5533 2013eb04a2102231 aPihlstrom, Sami.10aPragmatic pluralism and the problem of Godh[electronic resource] /cSami Pihlstrom. a1st ed. aNew York :bFordham University Press,c2013. axii, 245 p.1 aAmerican philosophy aIncludes bibliographical references and index. aElectronic reproduction.bPalo Alto, Calif. :cebrary,d2013.nAvailable via World Wide Web.nAccess may be limited to ebrary affiliated libraries. 0aReligionxPhilosophy. 0aPragmatism. 0aGod. 7aElectronic books.2local2 aebrary, Inc. 0aAmerican philosophy series.40uhttp://site.ebrary.com/lib/rucke/Doc?id=10693765zAn electronic book accessible through the World Wide Web; click to view c24448d24448